• 首页
  • 本馆介绍
  • 公告通知
  • 最新文献
  • 馆藏检索
  • 电子资源
  • 读者导购
  • 参考咨询
  • 我的图书馆
  • 登录
  • 详细信息显示
  • 放入我的书架
  • 预约/预借图书
  • 作者相关作品
  • 分类相关作品
  • 丛书相关作品
  • 出版社相关作品

书目信息

  • 表格格式
  • 工作单格式
  • 卡片格式
题名:
学前儿童初步数概念的形成
    
 
作者: 列乌申娜 , Леушина 著 ;曹筱宁 译
分册:  
出版信息: 北京   人民教育出版社  1982
页数: 420页
开本: 21cm
丛书名:
单 册:
中图分类: G613.4 , G612
科图分类:
主题词: 算术--学前教育--教学参考资料
电子资源:
ISBN:
000 01133nam0 2200277 450
001 1572223514
005 20150127200418.20
010    @dCNY1.90
091    @a7012.0486
100    @a19950706d1982 em y0chiy0110 ea
101 1  @achi@crus
102    @aCN@b110000
105    @ay z 000yy
200 1  @a学前儿童初步数概念的形成@9xue qian er tong chu bu shuo gai nian de xing cheng@f列乌申娜(А.М. Леушина)著@g曹筱宁译
210    @a北京@c人民教育出版社@d1982
215    @a420页@d21cm
300    @a书名原文:Формирование элементарных математических представлений у детей дошкольного возроста
510 1  @aФормирование элементарных математических представлений у детей дошкольного возроста@zrus
606 0  @a算术@x学前教育@x教学参考资料
690    @aG613.4@v5
690    @aG612@v4
701  1 @a列乌申娜@9lie wu shen na@4著
701  1 @aЛеушина@bА.М.@4著
702  0 @a曹筱宁@9cao xiao ning@4译
801  0 @aCN@bTSSF@c20150127
905    @aZUCC@dG612@eJY45
    
    学前儿童初步数概念的形成/列乌申娜(А.М. Леушина)著/曹筱宁译.-北京:人民教育出版社,1982
    420页;21cm
    书名原文:Формирование элементарных математических представлений у детей дошкольного возроста
    
    ISBN :CNY1.90
    
●
相关链接 在E读中查询图书 在五车中查询图书 在当当中查询图书 在豆瓣中查询图书


正题名:学前儿童初步数概念的形成     索取号:G612/JY45         预约/预借

序号 登录号 条形码 馆藏地/架位号 状态 备注
1 7837562   278375624   学院路分馆/ [索取号:G612/JY45] 在馆    
2 7837563   278375633   学院路分馆/ [索取号:G612/JY45] 在馆    
唐山师范学院图书馆 欢迎您!
大连网信软件有限公司© 版权所有